| 000 | 00847nmm a2200301 a 4500 | ||
|---|---|---|---|
| 003 | AR-BaBNM | ||
| 005 | 20251128211307.0 | ||
| 008 | 193120s2003 ||||||||||||||000 | spa|| | ||
| 020 | _a85-249-0930-7 | ||
| 040 | _cAR-BaBNM | ||
| 245 | 1 | 0 | _aA leitura nos oceanos da Internet |
| 260 |
_aSao Paulo _bCortez _c2003 |
||
| 300 | _a127 p. | ||
| 504 | _aContiene referencias bibliográficas en notas a pie de página | ||
| 650 | 4 | _aTECNOLOGIA EDUCATIVA | |
| 650 | 4 | _aPROCESO DE LECTURA | |
| 650 | 4 | _aHABITO DE LECTURA | |
| 651 | 4 | _aBrasil | |
| 653 | _aINTERNET | ||
| 653 | _aESPACIOS EDUCATIVOS | ||
| 653 | _aEDUCACION VIRTUAL | ||
| 700 | 1 |
_aSilva, Ezequiel Theodoro da _ecoordinador |
|
| 700 | 1 | _aFreire, Fernanda | |
| 700 | 1 | _aAlmeida, Rubens Queiroz de | |
| 700 | 1 | _aAmaral, Sergio Ferreira do | |
| 942 | _cBK | ||
| 998 | _craquel | ||
| 999 |
_c19041 _d19041 |
||